| 000 | 00548nam a2200181Ia 4500 | ||
|---|---|---|---|
| 008 | 100920s9999 xx 000 0 und d | ||
| 082 |
_b89392 _a891.463.1 थ 65 |
||
| 100 | _aकर्णिक मधुमंगेश. | ||
| 245 | _aगुंजा. | ||
| 260 |
_bमॅजेस्टिक बुक स्टॉल,मुंबई. _c1965 |
||
| 300 |
_a164 _bसाधी |
||
| 365 | _b5 | ||
| 520 | _aलघुकथा. | ||
| 630 | _aगुंजा. | ||
| 650 | _aलघुकथा. | ||
| 730 | _aगुंजा. | ||
| 942 | _cBOOK | ||
| 999 |
_c729889 _d729886 |
||